000 00415nam a2200181Ia 4500
001 1277
005 20260306140620.0
008 260306t2003||||xx |||||||||||||| ||spa||
041 _aESP
082 _a190
_bV27
100 _aValverde, Carlos
_eAUT
245 0 _aGénesis, estructura y crisis de la modernidad
260 _c2003
300 _a
_c
650 _aGEN
654 _aCHU
942 _cLIB
_dJUS
_fJUS
_2ddc
_n
999 _c1277
_d1277